Central Library OPAC University of Rajshahi

The Count of Monte Cristo / (Record no. 20013)

MARC details
000 -LEADER
fixed length control field 00709nam a22002292a 4500
001 - CONTROL NUMBER
control field 20013
003 - CONTROL NUMBER IDENTIFIER
rucl marc code BD-RjUL
005 - DATE AND TIME OF LATEST TRANSACTION
control field 20211209000517.0
008 - FIXED-LENGTH DATA ELEMENTS--GENERAL INFORMATION
fixed length control field 140226s19091951nyu 000 1 eng d
035 ## - SYSTEM CONTROL NUMBER
System control number OCLC ocm01296532 from D950608M
-- (BD-RjUL) 20074
040 ## - CATALOGING SOURCE
Original cataloging agency ORL
Modifying agency OCL
-- BD-RjUL
Language of cataloging eng
Transcribing agency BD-RjUL
041 ## - LANGUAGE CODE
Language code of text/sound track or separate title eng
082 ## - DEWEY DECIMAL CLASSIFICATION NUMBER
Classification number 843.76
Author mark and year DUC 1951
100 1# - MAIN ENTRY--PERSONAL NAME
Personal name Dumas, Alexandre,
Dates associated with a name 1802-1870.
9 (RLIN) 16135
245 14 - TITLE STATEMENT
Title The Count of Monte Cristo /
Name of part/section of a work V-1
260 ## - PUBLICATION, DISTRIBUTION, ETC. (IMPRINT)
Place of publication, distribution, etc. New York :
Name of publisher, distributor, etc. J.M.Dent and Sons,
Date of publication, distribution, etc. 1909 [Reprinted 1951].
300 ## - PHYSICAL DESCRIPTION
Pagination xvi, 557 p. ;
Size 18 cm
650 ## - SUBJECT ADDED ENTRY--TOPICAL TERM
Topical term or geographic name as entry element Historical fiction
9 (RLIN) 61541
Topical term or geographic name as entry element France History 19th century Fiction
9 (RLIN) 61542
942 ## - ADDED ENTRY ELEMENTS (KOHA)
Source of classification or shelving scheme Dewey Decimal Classification
Koha item type Books
Holdings
Lost status Source of classification or shelving scheme Materials specified (bound volume or other part) Damaged status Not for loan Collection code Permanent Location Current Location Shelving location Date acquired Source of acquisition Cost, normal purchase price Total Checkouts Full call number Date last seen Copy number Koha item type
  Dewey Decimal Classification V-1   Not For Loan Fiction Central Library, University of Rajshahi Central Library, University of Rajshahi Reading Room 14/09/1955 B.H.Blackwell 55.00   843.76 DUC 1951 26/02/2014 C-1 Books
  Dewey Decimal Classification       Non-fiction Central Library, University of Rajshahi Central Library, University of Rajshahi General Stacks 09/08/2025       843.76 DUC 1951 09/08/2025 C-2 Books